000 00301nam a2200133Ia 4500
100 _aDavis/Coulin Victor
942 _cRB
654 _aApplied Hydraulics
245 _aHand Book Of Applied Hydraulics
260 _bMcGraw Hill
_aNew York
_c1942
300 _a1084
546 _aENGLISH
999 _c21937
_d21937